| 000 | 00695nam a2200241 u 4500 | ||
|---|---|---|---|
| 005 | 20230915063546.0 | ||
| 008 | 121128s2006 es r 000 0 spa d | ||
| 020 | _a9788426131881 | ||
| 035 | _aUPN01000188981 | ||
| 049 | _aI | ||
| 050 | 4 |
_aPZ74.7 _bB3.7 2006 |
|
| 100 | 1 |
_aBattut, Eric, _d1968- _933319 |
|
| 245 | 1 | 4 |
_aLos niños no quieren la guerra / _cEric Battut. |
| 250 | _a3a ed. | ||
| 260 |
_aBarcelona, Esp. : _bJuventud, _c2006. |
||
| 300 |
_a29 p. : _bil. col. |
||
| 534 |
_pTítulo original: _tBataille |
||
| 650 | 7 |
_aGuerra _vLiteratura infantil _2 _98599 |
|
| 650 | 4 |
_aNIÑOS Y GUERRA _912695 |
|
| 650 | 4 |
_aNIÑOS Y ADULTOS _96027 |
|
| 905 | _aInfantil | ||
| 999 |
_c161084 _d161084 |
||